| 000 | 00754nam a2200217 i 4500 | ||
|---|---|---|---|
| 001 | 76082 | ||
| 003 | ES-MaACL | ||
| 005 | 20250815062638.0 | ||
| 007 | t| | ||
| 008 | 040929q1930 sp ||||1| spa d | ||
| 100 | 1 |
_aGreen, J. R. _959842 |
|
| 245 | 1 | 0 |
_aHistoria del pueblo inglés / _cpor J.R. Green ; traducido por Edmundo González-Blanco. |
| 260 |
_aMadrid : _bLa España Moderna, _c[1930?] ( _fHijos de M. G. Hernández) |
||
| 300 |
_a3 t. en 2 v. ; _c22 cm. |
||
| 490 | 1 | _aBiblioteca de jurisprudencia, filosofía e historia | |
| 500 | _aT. 2º, 4º y último. | ||
| 700 | 1 |
_aGonzález-Blanco, Edmundo. _958462 |
|
| 830 | 0 | 0 |
_aBiblioteca de jurisprudencia, filosofía e historia _9180691 |
| 852 |
_aES-MaACL _jC-73012 |
||
| 999 |
_c76082 _d76082 |
||